000
00196 a2200097 4500
020
_a
051487030721
041
_a
spa
100
_a
Palacios, Argentina
245
_a
El Secreto de la Llama
942
_c
BK
999
_c
8828
_d
8828